| 000 | 00846nam a2200241 a 4500 | ||
|---|---|---|---|
| 001 | 000019447 | ||
| 005 | 20200929170024.0 | ||
| 008 | 100629s2003 es c 000 0bspa d | ||
| 020 | _a8484038742 | ||
| 040 |
_aDO-SdBNP _bspa _cBNPHU |
||
| 082 |
_a928.43 _bK118 |
||
| 245 | 0 | 0 |
_aKafka / _cdirección de la obra Francisco Luis Cordona Castro ; coordinación de texto Manuel Gimenez Saurina, Manuel Mas Franch. |
| 260 |
_aMadrid, : _bEdimat, _c2003. |
||
| 300 |
_a188 p. : _bretrs. ; _c22 cm. |
||
| 490 | 1 | _aGrandes biografías | |
| 504 | _aIncluye bibliografías (p. 6-7) | ||
| 600 | 1 | 4 |
_aKAFKA, FRANZ, _d1883-1924 _931399 |
| 700 | 1 |
_aCordona Castro, Francisco Luis, _edir. _941750 |
|
| 700 | 1 |
_aGimenez Saurina, Manuel, _ecoord. _941751 |
|
| 700 | 1 |
_aMas Franch, Manuel, _ecoord. _941724 |
|
| 830 | 0 |
_aGrandes biografías _911230 |
|
| 049 | _aBNPD | ||
| 999 |
_c18963 _d18963 |
||